Evalucion de proyectos / Gabriel Baca Urbina (Registro nro. 20084)
[ vista simple ]
| 000 -LÍDER | |
|---|---|
| fixed length control field | 00464nam a2200157 4500 |
| 008 - ELEMENTOS DE LONGITUD FIJA -- INFORMACIÓN GENERAL | |
| fixed length control field | 0 1995 0an 000 0Mex |
| 020 ## - NÚMERO INTERNACIONAL NORMALIZADO PARA LIBROS | |
| ISBN | 970-10-0746-8 |
| 050 ## - SIGNATURA TOPOGRAFICA DE LA BIBLIOTECA DEL CONGRESO (LC) | |
| Número de Clasificación | HC28 B116 |
| 082 ## - NUMERO DE CLASIFICACION DECIMAL DEWEY | |
| Número de Clasificación | 658.404 B113e |
| 100 ## - ASIENTO PRINCIPAL--NOMBRE PERSONAL | |
| Nombre personal | Baca Urbina Gabriel |
| 245 ## - TÍTULO | |
| Título | Evalucion de proyectos / Gabriel Baca Urbina |
| 250 ## - MENCIÓN DE EDICIÓN | |
| Mención de edición | 3a Ed |
| 260 ## - PUBLICACIÓN, DISTRIBUCIÓN, ETC. (PIE DE IMPRENTA) | |
| Lugar de publicación, distribución, etc. | Mexico: McGrall-Hill |
| 300 ## - DESCRIPCIÓN FÍSICA | |
| Extensión | XVII, 339p, 24cm |
| 650 ## - ASIENTO SECUNDARIO DE MATERIA - TERMINO TEMÁTICO | |
| Término temático o nombre geográfico como elemento de entrada | 1. EVALUACION DE PROYECTOS \ 2. ADMINISTRACION DE ANALISIS |
| No. biblioteca | No. biblioteca | Número de clasificación | Código de barras/Número de adquisición | Número de copia | Tipo de material |
|---|---|---|---|---|---|
| AREA DE ADMINISTRACIÓN | AREA DE ADMINISTRACIÓN | 658.404 B113e | 10986 | 1 | Libros |
| AREA DE ADMINISTRACIÓN | AREA DE ADMINISTRACIÓN | 658.404 B113e | 17246 | 7 | Libros |
| AREA DE ADMINISTRACIÓN | AREA DE ADMINISTRACIÓN | 658.404 B113e | 22693 | 20 | Libros |
| AREA DE ADMINISTRACIÓN | AREA DE ADMINISTRACIÓN | 658.404 B113e | 22832 | 22 | Libros |
| AREA DE ADMINISTRACIÓN | AREA DE ADMINISTRACIÓN | 658.404 B113e | 4886 | 31 | Libros |
| AREA DE ADMINISTRACIÓN | AREA DE ADMINISTRACIÓN | 658.404 B113e | 27187 | 37 | Libros |
| AREA DE ADMINISTRACIÓN | AREA DE ADMINISTRACIÓN | 658.404 B113e | 48280 | 38 | Libros |
| AREA DE ADMINISTRACIÓN | AREA DE ADMINISTRACIÓN | 658.404 B113e | 27216 | 39 | Libros |
| AREA DE ADMINISTRACIÓN | AREA DE ADMINISTRACIÓN | 658.404 B113e | 12455 | 40 | Libros |
